La France : Les 26 régions (notice n° 2130124)

détails MARC
000 -LEADER
fixed length control field 02154cam a2200181 4500500
005 - DATE AND TIME OF LATEST TRANSACTION
control field 20260405022159.0
041 ## - LANGUAGE CODE
Language code of text/sound track or separate title fre
042 ## - AUTHENTICATION CODE
Authentication code dc
100 10 - MAIN ENTRY--PERSONAL NAME
Personal name Boyer, Jean-Claude
Relator term author
245 00 - TITLE STATEMENT
Title La France : Les 26 régions
260 ## - PUBLICATION, DISTRIBUTION, ETC.
Name of publisher, distributor, etc. Armand Colin,<br/>
Date of publication, distribution, etc. 2009.<br/>
520 ## - SUMMARY, ETC.
Summary, etc. La région est reconnue comme une collectivité territoriale majeure depuis la décentralisation (1982-1983) et la régionalisation (2003- 2004). Ses domaines d’intervention touchent à la vie économique (subventions d’entreprises, contrôle des transports, entretien des routes nationales), à la vie sociale (formation, stages, etc., à la vie scolaire, universitaire et culturelle, ainsi qu’à l’aménagement du territoire régional. Les auteurs ont ici considéré les contrats de plan État-région et les politiques menées à l’échelon régional, garantes d’une cohérence mais parfois cause de tensions intra-régionales. Tant pour la métropole que pour l’outre-mer, ils s’interrogent sur le découpage régional, sa signification et sa pertinence ainsi que sur la cohérence territoriale. Les identités régionales s’appuient diversement sur le milieu physique, l’histoire, une homogénéité culturelle et sociopolitique, sur la polarisation d’une grande ville ou sur une politique régionale volontariste. On tient compte des spécificités et des acteurs régionaux : personnalités et partis politiques, syndicats, maires, associations, entreprises, presse régionale. Par l’analyse exhaustive des régions françaises, l’ouvrage est un outil indispensable qui exploite les recensements agricoles, de l’INSEE, celui de 2006 publié en 2009, les données des CCI, ports, aéroports, voies navigables de France, entreprises, Pôle Emploi, municipalités… Il met en forme ces données dans plus de 80 cartes, graphiques analytiques et tableaux.
700 10 - ADDED ENTRY--PERSONAL NAME
Personal name Carroué, Laurent
Relator term author
700 10 - ADDED ENTRY--PERSONAL NAME
Personal name Gras, Jacques
Relator term author
700 10 - ADDED ENTRY--PERSONAL NAME
Personal name Le Fur, Anne
Relator term author
700 10 - ADDED ENTRY--PERSONAL NAME
Personal name Montagné-Villette, Solange
Relator term author
856 41 - ELECTRONIC LOCATION AND ACCESS
Uniform Resource Identifier <a href="https://shs.cairn.info/la-france-les-26-regions--9782200355739?lang=fr&redirect-ssocas=7080">https://shs.cairn.info/la-france-les-26-regions--9782200355739?lang=fr&redirect-ssocas=7080</a>

Pas d'exemplaire disponible.

PLUDOC

PLUDOC est la plateforme unique et centralisée de gestion des bibliothèques physiques et numériques de Guinée administré par le CEDUST. Elle est la plus grande base de données de ressources documentaires pour les Étudiants, Enseignants chercheurs et Chercheurs de Guinée.

Adresse

627 919 101/664 919 101

25 boulevard du commerce
Kaloum, Conakry, Guinée

Réseaux sociaux

Powered by Netsen Group @ 2025